000 00851nam a2200253 i 4500
001 186635
003 SpMaBN
005 20250911063609.0
008 161212s1952 sp |||| | spa d
080 _a394.014(460.27 M.)"18"
080 _a914.602.7 M.(0:82)
100 1 _aVelasco Zazo, Antonio,
_d1884-1969
_9113782
245 1 0 _aTertulias literarias /
_cAntonio Velasco Zazo.
260 _aMadrid :
_bVictoriano Suárez,
_c1952.
300 _a178 p. ;
_c17 cm.
490 1 _aPanorama de Madrid ;
_v[10]
505 8 _aContiene: Referencias al Ateneo de Madrid, p. 68-71
610 2 4 _aAteneo de Madrid-
_vHistoria
_91925
651 4 _aMadrid-
_xEn la literatura.
_9138069
651 4 _aMadrid-
_xVida intelectual.
_9161508
830 0 _aPanorama de Madrid ;
_v[10]
_9187549
852 _aES-MaACL
_jL-31024
999 _c186635
_d186635